| 000 | 00506nam a22001695i 4500 | ||
|---|---|---|---|
| 001 | 48166 | ||
| 003 | ES-MaACL | ||
| 005 | 20230906161715.0 | ||
| 007 | t| | ||
| 008 | 950705s1893 fr ||||1| fre d | ||
| 040 |
_aCAM _bspa _cCAM |
||
| 100 | 1 |
_aCharmes, Francis. _938094 |
|
| 245 | 1 | 0 |
_aEtudes historiques et diplomatiques / _cFrancis Charmes. |
| 260 |
_aParis : _bLibraire Hachette, _c1893 ( _eCoulommiers : _fimprimerie Paul Brodard) |
||
| 300 |
_aVIII, 400 p. ; _c19 cm. |
||
| 852 |
_aES-MaACL _jF-5912 |
||
| 999 |
_c48166 _d48166 |
||